| 000 | 01184nam a22003377a 4500 | ||
|---|---|---|---|
| 001 | BR9801842 | ||
| 003 | BR-BrBNA | ||
| 005 | 20230928095908.0 | ||
| 007 | ta | ||
| 008 | 230509b bl.||||| |||| 00| 0 por d | ||
| 040 |
_aBR-BrBNA _bpor _cBiblioteca Nacional de Agricultura |
||
| 041 | _a(Por) | ||
| 072 |
_aF01; H10; H20 _b2120 |
||
| 090 | _ 2120 BR9801842 | ||
| 110 | 1 |
_aMinisterio da Agricultura, do Abastecimento e da Reforma Agraria, Brasilia, DF (Brasil). Secretaria de Politica Agricola _96851 |
|
| 110 | 1 | _aMinisterio da Industria Comercio e Turismo, Brasilia, DF (Brasil). Secretaria de Politica Comercial | |
| 111 | 1 |
_a20. Congresso Brasileiro de Pesquisas Cafeeiras _cGuarapari, ES (Brazil) _d22-25 Nov 1994 |
|
| 245 | 1 | _a20. Congresso Brasileiro de Pesquisas Cafeeiras; trabalhos apresentados | |
| 260 | 3 |
_aBrasilia, DF (Brasil): _c1994. |
|
| 300 | _a188 p. | ||
| 500 | _a139 tables; 31 illus. | ||
| 650 | _aCafe | ||
| 650 | _aPraga de Planta | ||
| 650 | _aDoenca de Planta | ||
| 650 | _aPratica Cultural | ||
| 650 | _aAdubacao | ||
| 650 | _aCalagem | ||
| 650 | _aMelhoramento Genetico Vegetal | ||
| 909 |
_a202309 _bLucia _c55 _dLucia Elande |
||
| 942 | _cBK | ||
| 999 |
_c59271 _d59271 |
||